000 00875nam a2200253Ia 4500
003 OSt
005 20220926012314.0
006 a|||||r|||| 00| 0
007 ta
008 220923b |||||||| |||| 00| 0 eng d
020 _a9781107159136
_c14504.00
037 _b111828, 21/02/2018, International Book Distrobutors
_cGeneral Book
040 _aRTL
_cRTL
_beng
041 _2eng
_aeng
082 _aX:517-75:(Z), Q7/RR
100 _aBLAIR Roger D
245 0 _aCAMBRIDGE HANDBOOK of antitrust, intellectual property, and high tech.
260 _aNew York
_bCambridge University Press
_c2017
300 _axvii,518p
_ccm.
650 _aEconomics
700 _a SOKOL D Daniel
_9250054
942 _hX:517-75:(Z), Q7/RR
_cGB
_2CC
999 _c622457
_d622457